| 000 | 01373cam a2200301 a 4500 | ||
|---|---|---|---|
| 005 | 20090422091149.0 | ||
| 010 | _aENG-100054 | ||
| 020 |
_a9780195698558 _c545.00 |
||
| 020 |
_a019569855X _c545.00 |
||
| 035 | _aEN-83586 | ||
| 037 | _bDBAD/PUB | ||
| 082 | _a363.90954 | ||
| 100 | 1 |
_aChaurasia, Alok Ranjan _912742 |
|
| 245 | 1 | 0 |
_aIndia, the state of population 2007 / _cby Alok Ranjan Chaurasia [and] S.C. Gulati |
| 260 |
_aNew Delhi _bOxford University Press _c2008 |
||
| 270 |
_aYMCA Library Building, Jai Singh Road _bNew Delhi _e110001 |
||
| 300 |
_axxiii,228 p. : _bill., maps _c29cm (pbk) |
||
| 500 | _a"National Commission on Population, Ministry of Health and Family Welfare, Govt. of India; Institute of Economic Growth, Delhi." | ||
| 500 | _aIncludes statistical tables. | ||
| 504 | _aIncludes bibliographical references (p. [142]-149). | ||
| 700 | 1 |
_aGulati, S. C., _d1945- _912743 |
|
| 710 | 1 |
_aIndia. _bNational Commission on Population. _912744 |
|
| 710 | 2 |
_aInstitute of Economic Growth (India) _912745 |
|
| 856 | 4 | 2 |
_3Publisher description _uhttp://www.loc.gov/catdir/enhancements/fy0907/2008331611-d.html |
| 942 |
_2ddc _cEN _h363.90954 _mCHA |
||
| 999 |
_c41654 _d41654 |
||